Statistiken für 5 Welthauptstädte auf einer Karte in 25 Sekunden

Klicken Sie hier um das Quiz zu spielen!

Allgemein

  • Dieses Quiz wurde 182 mal gespielt
  • Das Durchschnittsergebnis liegt bei 3 aus 5

Antworten auf der Karte

Die Antworten werden auf der Karte rot bzw. grün angezeigt, abhängig davon wie oft sie richtig erraten wurden.
 

Antwortstatistiken

Hauptstadt% Korrekt
Addis Abeba
100%
Ankara
100%
Antananarivo
100%
Aşgabat
100%
Asmara
100%
Berlin
100%
Bogotá
100%
Brüssel
100%
Budapest
100%
Damaskus
100%
Havanna
100%
Kathmandu
100%
Kiew
100%
Kingston
100%
Kopenhagen
100%
London
100%
Madrid
100%
Nairobi
100%
Nassau
100%
Neu-Delhi
100%
Nikosia
100%
Nur-Sultan
100%
Ottawa
100%
Paris
100%
Peking
100%
Prag
100%
Pretoria, Kapstadt
oder Bloemfontein
100%
Riad
100%
San Marino
100%
Seoul
100%
Taipeh
100%
Teheran
100%
Tiflis
100%
Washington
100%
Kuala Lumpur
50%
Singapur
50%
Abu Dhabi
0%
Abuja
0%
Accra
0%
Algier
0%
Amman
0%
Amsterdam
0%
Andorra la Vella
0%
Apia
0%
Asunción
0%
Athen
0%
Bagdad
0%
Baku
0%
Bamako
0%
Bandar Seri Begawan
0%
Bangkok
0%
Bangui
0%
Banjul
0%
Basseterre
0%
Beirut
0%
Belgrad
0%
Belmopan
0%
Bern
0%
Bischkek
0%
Bissau
0%
Brasília
0%
Bratislava
0%
Brazzaville
0%
Bridgetown
0%
Buenos Aires
0%
Bukarest
0%
Canberra
0%
Caracas
0%
Castries
0%
Chișinău
0%
Colombo
0%
Conakry
0%
Dakar
0%
Dhaka
0%
Dili
0%
Dodoma
0%
Doha
0%
Dschibuti
0%
Dublin
0%
Duschanbe
0%
Freetown
0%
Funafuti
0%
Gaborone
0%
Georgetown
0%
Gitega
0%
Guatemala-Stadt
0%
Hanoi
0%
Harare
0%
Helsinki
0%
Honiara
0%
Islamabad
0%
Jakarta
0%
Jaunde
0%
Jerewan
0%
Jerusalem
0%
Juba
0%
Kabul
0%
Kairo
0%
Kampala
0%
Khartum
0%
Kigali
0%
Kingstown
0%
Kinshasa
0%
Kuwait-Stadt
0%
La Paz oder Sucre
0%
Libreville
0%
Lilongwe
0%
Lima
0%
Lissabon
0%
Ljubljana
0%
Lomé
0%
Luanda
0%
Lusaka
0%
Luxemburg
0%
Majuro
0%
Malabo
0%
Malé
0%
Managua
0%
Manama
0%
Manila
0%
Maputo
0%
Maseru
0%
Maskat
0%
Mbabane
0%
Mexiko-Stadt
0%
Minsk
0%
Mogadischu
0%
Monaco
0%
Monrovia
0%
Montevideo
0%
Moroni
0%
Moskau
0%
Naypyidaw
0%
N'Djamena
0%
Ngerulmud
0%
Niamey
0%
Nouakchott
0%
Nukuʻalofa
0%
Oslo
0%
Ouagadougou
0%
Palikir
0%
Panama-Stadt
0%
Paramaribo
0%
Phnom Penh
0%
Pjöngjang
0%
Podgorica
0%
Port-au-Prince
0%
Port Louis
0%
Port Moresby
0%
Port-of-Spain
0%
Porto-Novo oder Cotonou
0%
Port Vila
0%
Praia
0%
Priština
0%
Quito
0%
Rabat
0%
Reykjavík
0%
Riga
0%
Rom | Vatikanstadt
0%
Roseau
0%
Saint George's
0%
Saint John's
0%
Sanaa
0%
San José
0%
San Salvador
0%
Santiago
0%
Santo Domingo
0%
São Tomé
0%
Sarajevo
0%
Skopje
0%
Sofia
0%
South Tarawa
0%
Stockholm
0%
Suva
0%
Tallinn
0%
Taschkent
0%
Tegucigalpa
0%
Thimphu
0%
Tirana
0%
Tokio
0%
Tripolis
0%
Tunis
0%
Ulaanbaatar
0%
Vaduz
0%
Valletta
0%
Victoria
0%
Vientiane
0%
Vilnius
0%
Warschau
0%
Wellington
0%
Wien
0%
Windhoek
0%
Yamoussoukro
0%
Yaren
0%
Zagreb
0%

Verteilung der Resultate

Perzentil nach korrekt beantworteten Fragen

Anzahl Personen mit jedem Resultat

Ihre Resultats-Entwicklung

Sie haben dieses Quiz noch nicht gespielt